000 00547nam a2200217Ia 4500
005 20250425160950.0
008 250425s9999 xx 000 0 und d
041 _aspa
082 _a550.2
100 _aCLOOS, HANS
245 0 _aDIALOGO CON LA TIERRA: PEREGRINACIONES DE UN GEOLOGO POR EL MUNDO Y POR LA VIDA
250 _a1A ED.
260 _aBARCELONA
260 _aEspaƱa
_bLABOR
_c1951
300 _a479
650 _aAMERICA
650 _aINDIAS ORIENTALES
650 _aLA TIERRA Y EL HOMBRE
942 _c01
010 _a9462
999 _c199803
_d199803